000 00375nam a22001457a 4500
999 _c7858
_d7858
003 OSt
005 20200527110355.0
008 200527b ||||| |||| 00| 0 eng d
020 _a9781935935773
082 _a720.9752
_bSOR
100 _aSorg Architects
245 _aChesapeake Bay weekend residence, Sherwood, Maryland
260 _aChina
_bORO editions
_c 2013
942 _2ddc